Mawadah : Masyarakat wanita antidadah [

Bibliographic Details
Corporate Author: Institut Penilaian Negara
Format: Book
Language:Malay
Published: Bangi : Institut Penilaian Negara , 2010
Subjects:

MARC

LEADER 00000cam a2200000 7i4500
001 0000023058
005 20110308.0
008 110222 my v may
040 |a INS 
090 0 0 |a VCD 1851 
245 0 0 |a Mawadah :   |b Masyarakat wanita antidadah [  |h cakera video] :   |b 6 Julai 2010 
260 |a Bangi :   |b Institut Penilaian Negara ,   |c 2010 
300 |a 1 cakera video (1 jam 55 min ) :   |b by., wrn. ;   |c 4 3/4 in. 
650 0 |a Drug abuse 
710 1 |a Institut Penilaian Negara 
999 |a VCD0001851   |b DIGITAL VIDEO CD   |c Media Collection   |e Default branch